| 000 | 00647nam a2200229Ia 4500 | ||
|---|---|---|---|
| 003 | OSt | ||
| 005 | 20220928104011.0 | ||
| 006 | a|||||r|||| 00| 0 | ||
| 007 | ta | ||
| 008 | 220927b |||||||| |||| 00| 0 eng d | ||
| 024 | _a29333 | ||
| 037 | _cTextual | ||
| 040 |
_aSDCL _cSDCL _beng |
||
| 041 |
_2eng _aeng |
||
| 082 | _aV20j73:47'N7, L6 | ||
| 100 |
_aKagzi mangal Chandra Jain _9408092 |
||
| 245 | 0 | _aSegregation and untouchability abolition. | |
| 260 |
_aNew Delhi _bMetroplotian Book _c1976 |
||
| 300 |
_a254p _ccm. |
||
| 942 |
_hV20j73:47'N7, L6 _cTEXL _2CC |
||
| 999 |
_c723588 _d723588 |
||